00543 a2200157 4500008004100000020001800041082002000059100002600079245008800105250001200193260003700205300003300242490002700275504005100302650003200353150713s2014 enka g b 001 0 eng d a978129202729600a621.43223bPWE1 aPulkrabek, Willard W.10aEngineering fundamentals of the internal combustion engine /cWillard W. Pulkrabek. a2nd ed. aHarlow, Essex :bPearson,c2014. aii, 486 p. :bill. ;c28 cm.0 aPearson custom library aIncludes bibliographical references and index. 0aInternal combustion engines